header

Justice in the city (Record no. 145435)

MARC details
000 -LEADER
fixed length control field 01267nam a2200325 a 4500
100 1# - MAIN ENTRY--AUTHOR NAME
Personal name Cohen, Aryeh.
245 10 - TITLE STATEMENT
Title Justice in the city
260 ## - PUBLICATION, DISTRIBUTION, ETC. (IMPRINT)
Place of publication Boston :
Name of publisher Academic Studies Press,
Year of publication 2012.
300 ## - PHYSICAL DESCRIPTION
Number of Pages 171 p.
490 1# - SERIES STATEMENT
Series statement New perspectives in post-Rabbinic Judaism
650 #0 - SUBJECT ADDED ENTRY--TOPICAL TERM
Topical Term Judaism and social problems.
Topical Term Justice (Jewish theology)
Topical Term Social justice
856 40 - ELECTRONIC LOCATION AND ACCESS
Uniform Resource Identifier http://site.ebrary.com/lib/rucke/Doc?id=10528142

No items available.

© 2026 Rongo University
Contact us: librarian | system librarian | Rongo university